[Event "Begonia op 58th"]
[Site "Ballarat"]
[Date "2024.03.09"]
[Round "1"]
[White "Solomon, Stephen J"]
[Black "Smith, Declan"]
[Result "1-0"]
[WhiteElo "2286"]
[BlackElo "1818"]
[PlyCount "61"]
[EventDate "2024.03.09"]
[EventType "swiss"]
[EventRounds "7"]
[EventCountry "AUS"]
[SourceTitle "CB11_2024"]
[SourceDate "2024.03.13"]
[SourceVersion "1"]
[SourceVersionDate "2024.03.13"]
[SourceQuality "1"]

1. e4 c6 2. d4 d5 3. Nd2 dxe4 4. Nxe4 Nf6 5. Nxf6+ exf6 6. c3 Bd6 7. Bd3 Be6 8. Ne2 Qc7 9. Be3 Bd5 10. Qd2 Nd7 11. Nf4 Be6 12. c4 g5 13. Nxe6 fxe6 14. h4 g4 15. c5 Bf8 16. Bf4 e5 17. Bg3 0-0-0 18. h5 Re8 19. 0-0-0 Kb8 20. Bf5 Rg8 21. Bxh7 Rh8 22. Qc2 Qa5 23. Kb1 Ka8 24. Bf5 Rd8 25. Bxd7 Rxd7 26. dxe5 Rxd1+ 27. Rxd1 fxe5 28. Qc3 Qc7 29. Bxe5 Qh7+ 30. Qc2 Qxc2+ 31. Kxc2 1-0